Statistics for Most Common Colors In Flags

Click here to take the quiz!

General Stats

  • This quiz has been taken 81 times
  • The average score is 6 of 7

Answer Stats

Number of flags with this colorAnswer% Correct
157Red
100%
140White
96%
100Blue
94%
91Green
93%
95Yellow
93%
46Black
87%
12Orange
82%

Score Distribution

Percentile by Number Answered

Percent of People with Each Score

Your Score History

You have not taken this quiz